[Event "4NCL 2016-17"]
[Site "Reading ENG"]
[Date "2016.11.20"]
[Round "2.78"]
[White "Townsend, M Paul"]
[Black "Varney, Zoe"]
[Result "1-0"]
[WhiteElo "2231"]
[BlackElo "1996"]
[WhiteTeam "White Rose"]
[BlackTeam "Oxford"]
[WhiteFideId "402320"]
[BlackFideId "436135"]
[EventDate "2016.11.19"]

1. d4 d5 2. c4 c6 3. Nf3 Nf6 4. e3 e6 5. b3 Nbd7 6. Bb2 Bd6 7. Bd3 O-O 8. O-O
Re8 9. Ne5 Qc7 10. f4 c5 11. Nc3 a6 12. Qf3 dxc4 13. bxc4 Rb8 14. Rad1 b6 15.
Qh3 Nf8 16. Ne4 Nxe4 17. Bxe4 cxd4 18. exd4 Bb7 19. Bxb7 Rxb7 20. Qf3 Rbb8 21.
d5 Rbc8 22. Rc1 f6 23. Ng4 Ng6 24. g3 Qc5+ 25. Kh1 Qb4 26. Bxf6 Rxc4 27. Bc3 Qc5
28. dxe6 Rxe6 29. f5 Ne5 30. Qa8+ Bf8 31. fxe6 Nxg4 32. Rxf8+ Qxf8 33. Qxf8+
Kxf8 34. Bxg7+ Kxg7 35. Rxc4 Nf6 36. Rc7+ Kf8 37. Rf7+ 1-0

[Event "4NCL 2016-17"]
[Site "Reading ENG"]
[Date "2016.11.20"]
[Round "2.81"]
[White "Speelman, Jon S"]
[Black "Dunn, Andrew"]
[Result "1/2-1/2"]
[WhiteTitle "GM"]
[BlackTitle "CM"]
[WhiteElo "2526"]
[BlackElo "2213"]
[WhiteTeam "Wood Green"]
[BlackTeam "North East England"]
[WhiteFideId "400033"]
[BlackFideId "401960"]
[EventDate "2016.11.19"]

1. c4 e6 2. Nf3 d5 3. b3 Nf6 4. Bb2 Be7 5. g3 O-O 6. Bg2 c5 7. cxd5 exd5 8. d4
Nc6 9. O-O Ne4 10. dxc5 Bxc5 11. e3 Be6 12. Nc3 Rc8 13. Nxe4 dxe4 14. Qxd8 Nxd8
15. Ng5 f5 16. Rfd1 Be7 17. Nxe6 Nxe6 18. Rd7 Rc7 19. Rad1 Rd8 20. Rxd8+ Nxd8
21. Bf1 Rc2 22. Rd7 Nc6 23. Bd4 Nxd4 24. Rxd4 Rxa2 25. Rd7 Kf8 26. Rxb7 g6 27.
Bc4 a5 28. Ra7 h5 29. h4 Bb4 30. Bf7 Be1 31. Kf1 Bxf2 32. Bxg6 Bxg3 33. Rf7+ Kg8
34. Rxf5 Bxh4 35. Rxh5 Bf6 36. Be8 Ra1+ 37. Kf2 Bc3 38. Rc5 Be1+ 39. Ke2 Bb4 40.
Rc4 Ra2+ 41. Kf1 Rb2 42. Ba4 Kf7 43. Rxe4 Kf6 1/2-1/2

[Event "4NCL 2016-17"]
[Site "Reading ENG"]
[Date "2016.11.20"]
[Round "2.82"]
[White "Moreby, James"]
[Black "McDonald, Neil"]
[Result "1/2-1/2"]
[BlackTitle "GM"]
[WhiteElo "2192"]
[BlackElo "2423"]
[WhiteTeam "North East England"]
[BlackTeam "Wood Green"]
[WhiteFideId "427756"]
[BlackFideId "400629"]
[EventDate "2016.11.19"]

1. Nf3 d5 2. d4 Nf6 3. c4 e6 4. Nc3 Be7 5. Bg5 h6 6. Bh4 O-O 7. e3 a6 8. Rc1
Nbd7 9. Bd3 dxc4 10. Bxc4 b5 11. Bd3 Bb7 12. Bxf6 Nxf6 13. a3 c5 14. dxc5 Bxc5
15. O-O Rc8 16. Qe2 Qe7 17. Rfd1 Rfd8 18. Nd2 Bb6 19. Nde4 Nxe4 20. Nxe4 Rxc1
21. Rxc1 Qd7 22. Bb1 Qd5 23. f3 Qe5 24. Re1 f5 25. Nf2 Bd5 26. Kh1 Bc4 27. Bd3
Qd5 28. Rd1 Bb3 29. Bc2 Qc4 30. Rxd8+ Bxd8 31. Qxc4 Bxc4 32. e4 fxe4 33. Nxe4
Bb6 34. g3 Kf8 35. Kg2 Ke7 36. b3 Bd5 37. Kf1 Kd7 38. Ke2 Bd4 39. Kd3 Bg1 40. h3
Kc6 41. Bd1 Bh2 42. g4 e5 43. Nc3 Bf7 44. Ne2 a5 45. Bc2 b4 46. a4 Kc5 47. Ke3
Bf4+ 48. Kf2 Bd5 49. Kg2 Kd6 50. Kf2 Ke6 51. Ng3 Bxg3+ 52. Kxg3 g5 53. Kf2 Kd6
54. Ke3 Kc5 55. Bd1 Kd6 56. Bc2 Bf7 57. Bd1 h5 58. Bc2 h4 59. Bd1 Be6 60. Bc2
Bc8 61. Bd3 Be6 62. Bc2 Bg8 63. Bd1 Bh7 64. Be2 Bc2 65. Bc4 Bd1 66. Bf7 Bc2 67.
Bc4 Kc5 68. Bf7 Bh7 69. Bc4 Kd6 70. Bd3 Bg8 71. Bc2 Bf7 72. Bd1 Bd5 73. Bc2 Ke6
74. Bd1 Kf6 75. Bc2 Bf7 76. Bd1 Be8 77. Bc2 Ke6 78. Bd1 Bc6 79. Bc2 Kd6 80. Bd1
e4 81. fxe4 Ke5 82. Bc2 Bb7 83. Bd3 Ba8 84. Bc2 Bc6 85. Bd3 Bb7 86. Bc2 Ba6 87.
Bd3 Bb7 88. Bc2 Bc6 1/2-1/2

[Event "4NCL 2016-17"]
[Site "Reading ENG"]
[Date "2016.11.20"]
[Round "2.83"]
[White "Haria, Ravi"]
[Black "Coathup, Roger H"]
[Result "1-0"]
[WhiteTitle "FM"]
[WhiteElo "2383"]
[BlackElo "2159"]
[WhiteTeam "Wood Green"]
[BlackTeam "North East England"]
[WhiteFideId "415820"]
[BlackFideId "407062"]
[EventDate "2016.11.19"]

1. Nf3 c5 2. g3 Nc6 3. Bg2 g6 4. O-O Bg7 5. c4 d6 6. Nc3 e6 7. a3 Nge7 8. d3 O-O
9. Bd2 b6 10. Rb1 Bb7 11. b4 Qd7 12. Qc1 Nf5 13. bxc5 dxc5 14. Ne4 Nfd4 15. Nxd4
Nxd4 16. Re1 Rab8 17. Bh6 f5 18. Bxg7 Qxg7 19. Nd2 Bxg2 20. Kxg2 Qd7 21. Qc3 e5
22. Nf3 Rbe8 23. Nxd4 exd4 24. Qd2 Re6 25. Qf4 Qe7 26. Rb2 Re8 27. h4 Qd6 28.
Qxd6 Rxd6 29. a4 Rde6 30. Kf3 Kg7 31. a5 h6 32. axb6 Rxb6 33. Ra2 a6 34. Ra5 Rc8
35. Rea1 Rcc6 36. e3 dxe3 37. fxe3 Kf7 38. R1a3 Kg7 39. Rc3 Rb4 40. Rca3 Rbb6
41. R5a4 g5 42. h5 Re6 43. Ra5 Rb2 44. Ra2 Rxa2 45. Rxa2 Kf6 46. Ra5 Rc6 47. e4
fxe4+ 48. Kxe4 Ke6 49. g4 Kd6 50. d4 cxd4 51. Kxd4 Kc7 52. c5 Rf6 53. Kd5 Kb7
54. Ra4 Rf1 55. c6+ Kb6 56. Rb4+ Kc7 57. Rb7+ Kc8 58. Rh7 Rf4 59. Rxh6 Rxg4 60.
Rg6 Rg1 61. Rg8+ Kc7 62. Rg7+ Kb6 63. Rb7+ Ka5 64. h6 g4 65. h7 Rh1 66. c7 1-0

[Event "4NCL 2016-17"]
[Site "Reading ENG"]
[Date "2016.11.20"]
[Round "2.84"]
[White "Oates, David"]
[Black "Fitzsimons, David"]
[Result "1/2-1/2"]
[BlackTitle "FM"]
[WhiteElo "2146"]
[BlackElo "2372"]
[WhiteTeam "North East England"]
[BlackTeam "Wood Green"]
[WhiteFideId "1801031"]
[BlackFideId "2501961"]
[EventDate "2016.11.19"]

1. e4 e6 2. d4 d5 3. exd5 exd5 4. Nf3 Bd6 5. c4 Nf6 6. Nc3 O-O 7. Be2 dxc4 8.
O-O Nbd7 9. Bxc4 Nb6 10. Bb3 h6 11. Qd3 c5 12. Rd1 c4 13. Bxc4 Nxc4 14. Qxc4 Bg4
15. Qd3 Qb6 16. d5 Rfd8 17. Be3 Qxb2 18. a3 Rac8 19. Bd4 Qb3 20. Nd2 Rxc3 21.
Nxb3 Rxd3 22. Rxd3 Nxd5 23. Bxa7 Nc7 24. Re3 Ne6 25. Bb6 Rc8 26. f3 Bh5 27. a4
Bg6 28. Rc1 Ra8 29. Rc4 Kh7 30. a5 Bb1 31. g3 g5 32. Nd4 Ba2 33. Rc2 Bd5 34. Nb5
Bb4 35. Nc7 Nxc7 36. Rxc7 Bxa5 37. Bxa5 Rxa5 38. Re5 Kg6 39. Kf2 Ra2+ 40. Re2
Ra3 41. Re3 Ra2+ 42. Re2 Ra3 43. Re3 Ra2+ 44. Re2 1/2-1/2

[Event "4NCL 2016-17"]
[Site "Reading ENG"]
[Date "2016.11.20"]
[Round "2.85"]
[White "Pein, Malcolm"]
[Black "Dargan, Paul A G"]
[Result "1/2-1/2"]
[WhiteTitle "IM"]
[BlackTitle "CM"]
[WhiteElo "2353"]
[BlackElo "2096"]
[WhiteTeam "Wood Green"]
[BlackTeam "North East England"]
[WhiteFideId "400289"]
[BlackFideId "416762"]
[EventDate "2016.11.19"]

1. Nf3 Nf6 2. d4 e6 3. c4 Bb4+ 4. Bd2 Qe7 5. Nc3 O-O 6. g3 Nc6 7. Bg2 Bxc3 8.
Bxc3 Ne4 9. Rc1 d6 10. d5 Nxc3 11. Rxc3 Nb8 12. dxe6 fxe6 13. Nd4 e5 14. Nc2 Nc6
15. O-O Be6 16. b4 a6 17. b5 Nd8 18. Nb4 a5 19. Nd5 Qd7 20. c5 dxc5 21. Rxc5 Rc8
22. Qc2 Qf7 23. f4 b6 24. Nxb6 cxb6 25. Rxc8 Bxc8 26. Qxc8 Qxa2 27. fxe5 Rxf1+
28. Bxf1 Qd5 29. e3 Kf8 30. Bc4 Qd1+ 31. Kg2 Qd2+ 32. Kh3 Ke7 33. e6 Qd6 34. e4
Nxe6 35. Bd5 Qd7 36. Qg8 Ng5+ 37. Kg2 Qh3+ 38. Kg1 Nf3+ 39. Kf2 Qxh2+ 40. Kxf3
Qh1+ 41. Kg4 Qd1+ 42. Kg5 Qd2+ 43. Kg4 Qe2+ 1/2-1/2

[Event "4NCL 2016-17"]
[Site "Reading ENG"]
[Date "2016.11.20"]
[Round "2.86"]
[White "Waters, Clive L"]
[Black "Clarke, Brandon G I"]
[Result "0-1"]
[WhiteElo "2081"]
[BlackElo "2288"]
[WhiteTeam "North East England"]
[BlackTeam "Wood Green"]
[WhiteFideId "407330"]
[BlackFideId "400319"]
[EventDate "2016.11.19"]

1. Nf3 Nf6 2. g3 g6 3. Bg2 Bg7 4. O-O O-O 5. d3 c5 6. c3 Nc6 7. Qa4 Rb8 8. Qh4
Re8 9. Bh6 Bh8 10. e4 d6 11. h3 Ne5 12. Nxe5 dxe5 13. Na3 b5 14. Rad1 Be6 15. c4
b4 16. Nc2 b3 17. axb3 Rxb3 18. Ne3 Rxb2 19. Nd5 Nxd5 20. cxd5 Bd7 21. Qg5 Qb6
22. Qc1 a5 23. Be3 Rc8 24. Qa1 a4 25. Rc1 Rb3 26. Rc3 Rxc3 27. Qxc3 Qb4 28. Rc1
a3 29. Qa1 Ba4 30. Bf3 Bb3 31. Bd1 Bxd1 32. Rxd1 Rb8 33. Kg2 f5 34. Qa2 Qb3 35.
Ra1 Qxd3 36. d6+ c4 37. dxe7 Qxe4+ 38. Kh2 f4 39. Rd1 Bf6 40. gxf4 exf4 41. Ba7
Re8 42. Qxa3 Rxe7 43. Bc5 Re8 44. Qa4 f3 45. Bd4 Qe2 46. Qxe8+ Qxe8 47. Bxf6 Qe2
48. Rd8+ Kf7 49. Bd4 g5 50. Be3 Qf1 0-1

[Event "4NCL 2016-17"]
[Site "Reading ENG"]
[Date "2016.11.20"]
[Round "2.87"]
[White "Weaving, Richard"]
[Black "Henderson, David"]
[Result "1-0"]
[WhiteElo "2252"]
[BlackElo "2079"]
[WhiteTeam "Wood Green"]
[BlackTeam "North East England"]
[WhiteFideId "401161"]
[BlackFideId "430021"]
[EventDate "2016.11.19"]

1. e4 e5 2. Nf3 Nc6 3. Bb5 Nge7 4. O-O g6 5. c3 Bg7 6. d4 exd4 7. cxd4 d5 8.
exd5 Nxd5 9. Bg5 Qd6 10. Re1+ Be6 11. Nbd2 O-O 12. Ne4 Qb4 13. Bxc6 bxc6 14. Qc1
Rab8 15. b3 Qb6 16. Nc5 Bf5 17. Ne5 Rbe8 18. Bh6 Re7 19. Bxg7 Kxg7 20. Nc4 Rxe1+
21. Qxe1 Qb8 22. Ne3 Nxe3 23. fxe3 Qd8 24. Qg3 Re8 25. Rc1 Qe7 26. Kf2 Be4 27.
Qf4 Bd5 28. Re1 f5 29. Nd3 Qd6 30. h4 Re4 31. Qxd6 cxd6 32. Nf4 Bf7 33. Rc1 Be8
34. g3 Re7 35. Rc4 Rb7 36. Ra4 Kf6 37. Ra6 Ke7 38. Ke1 h6 39. Kf2 g5 40. Ne2 Ke6
41. Ra5 Kf6 42. Nc3 Bd7 43. hxg5+ hxg5 44. g4 fxg4 45. Ne4+ Ke7 46. Rxg5 Bc8 47.
Rg7+ Ke6 48. Rxg4 Rf7+ 49. Kg2 Kd5 50. Nc3+ Ke6 51. Rg8 Ba6 52. Ne4 Kd5 53. Nc3+
Ke6 54. Re8+ Kd7 55. Ra8 Ke6 56. Ne4 Kd5 57. Re8 c5 58. Nc3+ Kc6 59. d5+ Kc7 60.
Re4 Bd3 61. Rf4 Rg7+ 62. Kf2 Rh7 63. e4 Ba6 64. Rf3 Rh2+ 65. Kg3 Rh7 66. Kg4
Bc8+ 67. Kg5 Bd7 68. Kf6 Be8 69. Rg3 Rf7+ 70. Ke6 Rh7 71. Rg5 Bd7+ 72. Kf6 Rh3
73. Ne2 Rh4 74. Ng3 Rh2 75. Rg7 Rxa2 76. e5 Rf2+ 77. Ke7 dxe5 78. Ne4 Rc2 79.
Ng5 Bb5 80. d6+ Kb6 81. Rg8 Ka5 82. Rb8 Bc6 83. Ne6 e4 84. Nxc5 Rxc5 85. b4+ 1-0

[Event "4NCL 2016-17"]
[Site "Reading ENG"]
[Date "2016.11.20"]
[Round "2.88"]
[White "Roberts, Lynda"]
[Black "Grigoryan, Meri"]
[Result "0-1"]
[WhiteTitle "WCM"]
[BlackTitle "WFM"]
[WhiteElo "1863"]
[BlackElo "1955"]
[WhiteTeam "North East England"]
[BlackTeam "Wood Green"]
[WhiteFideId "1800191"]
[BlackFideId "13300571"]
[EventDate "2016.11.19"]

1. e4 d5 2. exd5 Nf6 3. Bb5+ Bd7 4. Bxd7+ Qxd7 5. Nc3 Nxd5 6. Nxd5 Qxd5 7. Qf3
Qe5+ 8. Ne2 Nc6 9. c3 e6 10. d4 Qb5 11. O-O Bd6 12. b3 Qd5 13. Qxd5 exd5 14. Bf4
Kd7 15. Bxd6 Kxd6 16. Rfe1 b5 17. b4 a5 18. a3 axb4 19. axb4 Ra4 20. Rxa4 bxa4
21. Ra1 Ra8 22. Ra3 Ne7 23. Nf4 Kc6 24. Kf1 Kb5 25. Ke2 c6 26. Nd3 Nf5 27. Nb2
Nxd4+ 28. Kd3 Nf5 29. g4 Nd6 30. f3 Nc4 31. Nxc4 dxc4+ 32. Ke2 Re8+ 33. Kd2 h5
34. h3 Rd8+ 35. Ke2 Rd3 36. gxh5 Rd5 37. h6 gxh6 38. Ra1 Rd3 39. Ra3 Rd5 40. Ra1
Rh5 41. Rg1 a3 42. Rg4 a2 43. Rg8 Ka4 44. Ke3 Kb3 45. Rg1 Ka3 0-1

[Event "4NCL 2016-17"]
[Site "Reading ENG"]
[Date "2017.01.14"]
[Round "3.11"]
[White "Bauer, Christian"]
[Black "Howell, David W L"]
[Result "1/2-1/2"]
[WhiteTitle "GM"]
[BlackTitle "GM"]
[WhiteElo "2632"]
[BlackElo "2655"]
[WhiteTeam "3C's"]
[BlackTeam "Cheddleton"]
[WhiteFideId "603767"]
[BlackFideId "410608"]
[EventDate "2016.11.19"]

1. c4 Nf6 2. Nc3 d5 3. cxd5 Nxd5 4. Nf3 Nxc3 5. bxc3 g6 6. h4 Bg7 7. h5 c5 8. e3
Nc6 9. Rb1 Qc7 10. hxg6 hxg6 11. Rxh8+ Bxh8 12. Qb3 b6 13. Ng5 e6 14. d4 Na5 15.
Bb5+ Kf8 16. Qd1 Bb7 17. Qg4 Qh2 18. e4 cxd4 19. Qf3 f5 20. cxd4 Kg8 21. Ke2 Rc8
22. Bf4 fxe4 23. Nxe4 Qh5 24. Qxh5 gxh5 25. Nd6 Rc2+ 26. Kd3 Rxf2 27. Be3 Rxa2
28. Nxb7 Nxb7 29. Bc4 Ra3+ 30. Kd2 Nd8 31. Rb5 Ra5 32. Rxa5 bxa5 33. d5 exd5 1/2-1/2

[Event "4NCL 2016-17"]
[Site "Reading ENG"]
[Date "2017.01.14"]
[Round "3.12"]
[White "Hawkins, Jonathan"]
[Black "Gordon, Stephen J"]
[Result "1/2-1/2"]
[WhiteTitle "GM"]
[BlackTitle "GM"]
[WhiteElo "2590"]
[BlackElo "2506"]
[WhiteTeam "Cheddleton"]
[BlackTeam "3C's"]
[WhiteFideId "412686"]
[BlackFideId "411477"]
[EventDate "2016.11.19"]

1. d4 Nf6 2. c4 e6 3. Nc3 Bb4 4. Qc2 O-O 5. Nf3 c5 6. dxc5 Na6 7. g3 Nxc5 8. Bg2
b6 9. O-O Bb7 10. Nb5 Be4 11. Qd1 Nb7 12. Bf4 a6 13. Nd6 Bxd6 14. Bxd6 Nxd6 15.
Qxd6 Qb8 16. Qxb8 Rfxb8 17. Rfd1 Bxf3 18. Bxf3 Ra7 19. b3 Kf8 20. Rd2 Ke7 21.
Rad1 Rc7 22. e4 e5 23. Bg2 b5 24. cxb5 axb5 25. f4 b4 26. Bf3 Rb5 27. Kf2 Ra5
28. fxe5 Rxe5 29. Re2 d6 30. Rd4 Rb5 31. Red2 Rb6 32. Be2 Nd7 33. Rd5 Nf6 34.
R5d4 Rc3 35. Kg2 h5 36. Bf3 g6 37. Be2 Nd7 38. Bc4 Ne5 39. Be2 Nd7 40. Bc4 Ne5
41. Be2 1/2-1/2

[Event "4NCL 2016-17"]
[Site "Reading ENG"]
[Date "2017.01.14"]
[Round "3.13"]
[White "Ashton, Adam G"]
[Black "Hamitevici, Vladimir"]
[Result "0-1"]
[WhiteTitle "FM"]
[BlackTitle "IM"]
[WhiteElo "2378"]
[BlackElo "2484"]
[WhiteTeam "3C's"]
[BlackTeam "Cheddleton"]
[WhiteFideId "410110"]
[BlackFideId "13902393"]
[EventDate "2016.11.19"]

1. e4 c6 2. d4 d5 3. Nd2 Qc7 4. Ngf3 Bg4 5. Bd3 e6 6. O-O Nf6 7. c4 Nbd7 8. e5
dxc4 9. Nxc4 Nd5 10. Bd2 Bh5 11. Rc1 N7b6 12. b3 Qd7 13. Be4 Be7 14. a4 Nb4 15.
Nxb6 axb6 16. Be3 h6 17. Qd2 Bg6 18. Bxg6 fxg6 19. Rc4 Nd5 20. Qd3 Kf7 21. Nd2
Rhf8 22. Ne4 Rad8 23. Bd2 g5 24. Ng3 g6 25. h3 Kg7 26. Ne4 Qe8 27. Qe2 Qf7 28.
g3 Qf3 29. Qxf3 Rxf3 30. Rb1 Rd3 31. Be1 b5 32. axb5 cxb5 33. Rcc1 Rxd4 34. Nc3
Rd7 35. Nxb5 Re4 36. Rc4 Rxe5 37. Nc3 Kf7 38. Nxd5 exd5 39. Rc8 d4 40. Rd1 d3
41. Bd2 Bc5 42. Kg2 Bb6 43. f4 Re2+ 44. Kf3 Rf2+ 45. Kg4 Rd5 0-1

[Event "4NCL 2016-17"]
[Site "Reading ENG"]
[Date "2017.01.14"]
[Round "3.14"]
[White "Fodor, Tamas Jr."]
[Black "Abbas, Daniel"]
[Result "1-0"]
[WhiteTitle "GM"]
[WhiteElo "2493"]
[BlackElo "2270"]
[WhiteTeam "Cheddleton"]
[BlackTeam "3C's"]
[WhiteFideId "723762"]
[BlackFideId "423831"]
[EventDate "2016.11.19"]

1. d4 Nf6 2. Nf3 e6 3. Bf4 c5 4. e3 Be7 5. dxc5 Bxc5 6. c4 O-O 7. Nc3 b6 8. Bd3
Bb7 9. O-O Be7 10. Nb5 Na6 11. Rc1 d5 12. cxd5 Nxd5 13. Bg3 Nab4 14. Bb1 Ba6 15.
Nfd4 Bf6 16. a3 Bxd4 17. Nxd4 Bxf1 18. Qxf1 Rc8 19. Rxc8 Qxc8 20. axb4 Rd8 21.
b5 Qc5 22. h3 e5 23. Nc6 Re8 24. Nxe5 Rxe5 25. Bxe5 Nxe3 26. Bxh7+ Kh8 27. fxe3
Qxe3+ 28. Qf2 Qxe5 29. Bd3 Kg8 30. Kh1 Qd5 31. Qf5 1-0

[Event "4NCL 2016-17"]
[Site "Reading ENG"]
[Date "2017.01.14"]
[Round "3.15"]
[White "Longson, Alexander"]
[Black "Williams, Simon K"]
[Result "0-1"]
[WhiteTitle "FM"]
[BlackTitle "GM"]
[WhiteElo "2317"]
[BlackElo "2444"]
[WhiteTeam "3C's"]
[BlackTeam "Cheddleton"]
[WhiteFideId "408093"]
[BlackFideId "404454"]
[EventDate "2016.11.19"]

1. e4 g6 2. d4 Bg7 3. Nc3 d6 4. Be3 a6 5. f4 b5 6. Bd3 Bb7 7. Nf3 Nf6 8. e5 Ng4
9. Qe2 c5 10. dxc5 dxe5 11. Nxe5 Nxe5 12. fxe5 Bxe5 13. O-O-O Qa5 14. Bd2 Nc6
15. Kb1 b4 16. Ne4 Nd4 17. Qe1 Bd5 18. a3 O-O 19. Bxb4 Qc7 20. c4 Bxe4 21. Bxe4
Rab8 22. Bd5 e6 23. Be4 a5 24. Bc3 Qxc5 25. Qe3 Qxa3 26. Rd3 Rb3 27. Bxg6 Rfb8
28. Bxh7+ Kf8 29. Qd2 Bf4 30. Qf2 Rxc3 31. Rxc3 Qxc3 32. Rd1 Be3 0-1

[Event "4NCL 2016-17"]
[Site "Reading ENG"]
[Date "2017.01.14"]
[Round "3.16"]
[White "Colovic, Aleksandar"]
[Black "Walton, Alan J"]
[Result "1/2-1/2"]
[WhiteTitle "GM"]
[BlackTitle "CM"]
[WhiteElo "2440"]
[BlackElo "2191"]
[WhiteTeam "Cheddleton"]
[BlackTeam "3C's"]
[WhiteFideId "15000729"]
[BlackFideId "409898"]
[EventDate "2016.11.19"]

1. e4 e6 2. d4 d5 3. e5 c5 4. c3 Nc6 5. Nf3 Qb6 6. Be2 f6 7. O-O Nge7 8. Na3 Ng6
9. dxc5 Bxc5 10. exf6 gxf6 11. b4 Be7 12. b5 Nce5 13. Nxe5 fxe5 14. c4 O-O 15.
cxd5 exd5 16. Qxd5+ Be6 17. Qe4 Bxa3 18. Bxa3 Rf4 19. Qe3 Qxe3 20. fxe3 Ra4 21.
Bd6 Rxa2 22. Rxa2 Bxa2 23. Ra1 Bd5 24. Bc5 Rc8 25. Rc1 Nh4 26. Bf1 Nf5 27. Ba3
Rxc1 28. Bxc1 Nd6 29. Ba3 Nc4 30. Bc5 b6 31. Bxc4 1/2-1/2

[Event "4NCL 2016-17"]
[Site "Reading ENG"]
[Date "2017.01.14"]
[Round "3.17"]
[White "Congiu, Mathilde"]
[Black "Arkell, Keith C"]
[Result "1/2-1/2"]
[WhiteTitle "WIM"]
[BlackTitle "GM"]
[WhiteElo "2208"]
[BlackElo "2450"]
[WhiteTeam "3C's"]
[BlackTeam "Cheddleton"]
[WhiteFideId "634581"]
[BlackFideId "400270"]
[EventDate "2016.11.19"]

1. e4 c6 2. d4 d5 3. Nc3 dxe4 4. Nxe4 Nd7 5. Ng5 Ngf6 6. Bd3 Nb6 7. N1f3 h6 8.
Ne4 Nxe4 9. Bxe4 Bg4 10. h3 Bxf3 11. Qxf3 Qxd4 12. O-O Qf6 13. Qb3 e6 14. a4 Qd4
15. Qf3 Nd5 16. Rd1 Qf6 17. Bxd5 exd5 18. Re1+ Be7 19. Qe2 Kf8 20. Be3 c5 21. c3
Rd8 22. Rad1 Qd6 23. Bf4 Qd7 24. Rd3 Bf6 25. Be5 Bxe5 26. Qxe5 Kg8 27. Rg3 f5
28. Rd1 Qf7 29. c4 Kh7 30. Rxd5 Rxd5 31. cxd5 Rd8 32. d6 c4 33. Rf3 Qf6 34. Qxf6
gxf6 35. Rc3 Rxd6 36. Rxc4 Kg6 37. Rb4 b6 38. Kh2 a5 39. Rb5 f4 40. b4 axb4 41.
Rxb4 Kg5 42. Rb5+ 1/2-1/2

[Event "4NCL 2016-17"]
[Site "Reading ENG"]
[Date "2017.01.14"]
[Round "3.18"]
[White "Steil-Antoni, Fiona"]
[Black "Horton, Jamie A"]
[Result "1/2-1/2"]
[WhiteTitle "WIM"]
[WhiteElo "2141"]
[BlackElo "2179"]
[WhiteTeam "Cheddleton"]
[BlackTeam "3C's"]
[WhiteFideId "4001249"]
[BlackFideId "421472"]
[EventDate "2016.11.19"]

1. e4 c6 2. d4 d5 3. exd5 cxd5 4. Bd3 Nc6 5. c3 Nf6 6. h3 g6 7. Nf3 Bg7 8. O-O
O-O 9. Re1 Bf5 10. Ne5 Bxd3 11. Qxd3 e6 12. Bf4 Nxe5 13. dxe5 Nd7 14. Nd2 Qc7
15. Nf3 Rfc8 16. Qe3 b5 17. Bh6 Qb6 18. Qg5 Qd8 19. Qxd8+ Rxd8 20. Bxg7 Kxg7 21.
a4 Rdb8 22. axb5 Rxb5 23. b4 Rb7 24. Nd4 1/2-1/2

[Event "4NCL 2016-17"]
[Site "Reading ENG"]
[Date "2017.01.14"]
[Round "3.22"]
[White "Maciol, Ryszard"]
[Black "Suarez Real, Alberto"]
[Result "0-1"]
[BlackTitle "IM"]
[WhiteElo "2118"]
[BlackElo "2416"]
[WhiteTeam "Celtic Tigers"]
[BlackTeam "Guildford"]
[WhiteFideId "1118153"]
[BlackFideId "2218534"]
[EventDate "2016.11.19"]

1. d4 Nf6 2. c4 g6 3. Nc3 Bg7 4. e4 O-O 5. Be2 d6 6. Bg5 Na6 7. h4 h6 8. Be3 e5
9. d5 Nc5 10. Qc2 c6 11. h5 cxd5 12. cxd5 Qa5 13. Bd2 Bd7 14. hxg6 fxg6 15. Rc1
Rac8 16. Qb1 Qb6 17. b4 Ncxe4 18. Be3 Nxc3 19. Rxc3 Qd8 20. Rxc8 Qxc8 21. Bxh6
Bxh6 22. Rxh6 Qc3+ 23. Kf1 Ne4 24. Rxg6+ Kh8 25. Nf3 Rxf3 26. Kg1 Rf4 27. g3
Rxf2 0-1

[Event "4NCL 2016-17"]
[Site "Reading ENG"]
[Date "2017.01.14"]
[Round "3.23"]
[White "Sarakauskas, Gediminas"]
[Black "Pedersen, Carsten"]
[Result "1-0"]
[WhiteTitle "IM"]
[WhiteElo "2414"]
[BlackElo "2142"]
[WhiteTeam "Guildford"]
[BlackTeam "Celtic Tigers"]
[WhiteFideId "12800724"]
[BlackFideId "1409760"]
[EventDate "2016.11.19"]

1. e4 e6 2. d4 d5 3. Nd2 c5 4. exd5 exd5 5. Ngf3 Nf6 6. Bb5+ Bd7 7. Qe2+ Be7 8.
dxc5 O-O 9. Nb3 Re8 10. Be3 Bxc5 11. Nxc5 Qa5+ 12. Qd2 Qxb5 13. Nxd7 Nbxd7 14.
O-O-O Rac8 15. Kb1 Nc5 16. Nd4 Qa6 17. f3 Ncd7 18. Qf2 Ne5 19. Bc1 Qb6 20. b3 a5
21. a4 Nc4 22. Ka2 Nd6 23. Qd2 Qc5 24. Ba3 Qc7 25. Bxd6 Qxd6 26. Qxa5 Rc5 27.
Qb4 Qc7 28. Kb1 Rc8 29. Rd2 g6 30. g3 Ne8 31. Nb5 Qb6 32. Qd4 Qa6 33. Re1 Nd6
34. Nxd6 Qxd6 35. Re5 Qc7 36. Rxd5 Rxd5 37. Qxd5 Re8 38. Kb2 Qe7 39. Rd4 Qf6 40.
Qd7 Qe5 41. f4 Qe3 42. Rb4 1-0

[Event "4NCL 2016-17"]
[Site "Reading ENG"]
[Date "2017.01.14"]
[Round "3.24"]
[White "Jurkiewicz, Katarzyna"]
[Black "Wadsworth, Matthew J"]
[Result "1/2-1/2"]
[BlackTitle "FM"]
[WhiteElo "2169"]
[BlackElo "2290"]
[WhiteTeam "Celtic Tigers"]
[BlackTeam "Guildford"]
[WhiteFideId "1115774"]
[BlackFideId "415804"]
[EventDate "2016.11.19"]

1. f4 d5 2. Nf3 Nf6 3. g3 c5 4. Bg2 Nc6 5. O-O g6 6. d3 Bg7 7. Qe1 O-O 8. Qf2 d4
9. e4 dxe3 10. Qxe3 Qb6 11. c3 Bf5 12. Nh4 Rad8 13. Nxf5 gxf5 14. h3 e6 15. Na3
Qc7 16. Rd1 b6 17. Nc4 Nd5 18. Qf3 b5 19. Ne3 b4 20. Nxd5 Rxd5 21. Bd2 Rfd8 22.
Be1 Qb6 23. Kh2 R5d6 24. Qe3 Ne7 25. Rac1 Nd5 26. Bxd5 Rxd5 27. cxb4 Bd4 28. Qd2
cxb4 29. Qxb4 Rb5 30. Qc4 Rxb2+ 31. Rc2 Rxc2+ 32. Qxc2 Rb8 33. Rd2 Qb1 34. Bf2
Bxf2 35. Rxf2 Qxc2 36. Rxc2 Rb4 37. Kg2 Rd4 38. Rc3 Ra4 39. a3 Kf8 40. Kf2 Ke7
41. Ke3 Kd6 42. d4 Kd5 43. Rc5+ Kd6 44. Rc3 Ra6 45. g4 fxg4 46. hxg4 Ra5 47. g5
h6 48. gxh6 Rh5 49. Kf2 Rxh6 50. Rb3 Rh2+ 51. Kg3 Ra2 52. Kg4 Kd5 53. Kg5 Kxd4
54. Kf6 Rf2 55. Rb4+ Ke3 56. Ke5 f6+ 57. Kxf6 Rxf4+ 58. Rxf4 Kxf4 59. Kxe6 Ke4
60. Kd6 Kd4 61. Kc6 Kc4 62. a4 a6 63. Kd6 Kb4 64. Kd5 Kxa4 65. Kc4 1/2-1/2

[Event "4NCL 2016-17"]
[Site "Reading ENG"]
[Date "2017.01.14"]
[Round "3.25"]
[White "Kilpatrick, Callum"]
[Black "Mitra, Roman C"]
[Result "1-0"]
[WhiteTitle "FM"]
[WhiteElo "2352"]
[BlackElo "2043"]
[WhiteTeam "Guildford"]
[BlackTeam "Celtic Tigers"]
[WhiteFideId "414425"]
[BlackFideId "419540"]
[EventDate "2016.11.19"]

1. e4 c5 2. Nf3 a6 3. d4 cxd4 4. Nxd4 Nf6 5. Nc3 d6 6. Nb3 Qc7 7. Be2 e5 8. Bg5
Nbd7 9. O-O Be7 10. a4 b6 11. Re1 Bb7 12. Bg4 Nxg4 13. Bxe7 Kxe7 14. Qxg4 Nf6
15. Qxg7 Rag8 16. Qh6 Rg6 17. Qe3 Rhg8 18. g3 Ng4 19. Qd3 Rh6 20. h4 Qd7 21. f3
Nf6 22. Kf2 Qh3 23. Rg1 Rhg6 24. Ne2 d5 25. Rad1 Qe6 26. exd5 Nxd5 27. c4 Nb4
28. Qd2 a5 29. Nf4 Qc6 30. Nxg6+ Rxg6 31. Qd8+ Ke6 32. Nd4+ exd4 33. Rge1+ Kf5
34. g4+ Kf4 35. Rxd4+ 1-0